000 00375pab a2200169 454500
008 180718b2012 xxu||||| |||| 00| 0 eng d
100 _aSingh, B.
245 _aBudget 2012-13: Northeast India
260 _c2012
300 _ap.50-52.
362 _aApr
650 _aBudget - India, Northeast
650 _aBudget
773 _aYojana
908 _aN
909 _a96416
999 _c96416
_d96416